000 00537nam a2200181Ia 4500
008 090124s9999 xx 000 0 und d
082 _b127926
100 _aऔरंगाबादकर अनुराधा
245 _a देवानंद
250 _a1
260 _c1997
300 _a272
600 _aऔरंगाबादकर अनुराधा
630 _a देवानंद
700 _aऔरंगाबादकर अनुराधा
730 _a देवानंद
942 _cBOOK
999 _c174015
_d174015